00635nam a2200241 a 4500001001300000003000900013005001700022008004100039020001000080082001500090100001400105245003200119260003800151300000900189500003500198505001000233650001100243700001400254902000800268942000700276952009500283999001500378nice12345678IN_TiNIC20260116011402.0050524s1911 lona grp 000 0 eng  ac10000a224.1bWAD aWade, G W aBook of the Prophet Isaiah. aLondonbMethuen and Companyc1911 a424p aincludes index and biblioraphy2 aindex aIsaiah1 aWade, G W bSRS cBK 00104070aHMIbHMId2007-06-19g100.00l0o224.1 WADp3391r2007-06-19w2026-01-16yARB c1077d1077